Province più popolose - Morte improvvisa - Statistics

Statistiche generali
  • Questo quiz è stato fatto 184 volte
  • Il punteggio medio è 3 su 11
Answers on the Grid
Answers color-coded by a green-red scale on the quiz's grid according to % correct below.
Roma
Milano
Napoli
Torino
Brescia
Bari
Palermo
Bergamo
Catania
Salerno
Bologna
Firenze
Verona
Varese
Vicenza
Venezia
Genova
Lecce
Como
Latina
Pavia
Sassari
Ancona
Pisa
Agrigento
Forlì-Cesena
Cremona
Ferrara
Savona
Nuoro
 
Statistiche sulle risposte
Risposta % Corretto
Roma
58%
Milano
53%
Napoli
53%
Torino
50%
Palermo
35%
Bologna
32%
Bari
15%
Brescia
13%
Catania
13%
Bergamo
12%
Salerno
3%
Nessun quiz corrispondente trovato
Distribuzione punteggi
Percentuale di utenti per punteggio
Percentile per numero di risposta
I tuoi punteggi nel tempo
Non hai fatto questo quiz